000 00497nam a2200181Ia 4500
001 7549
005 20260306160503.0
008 260306t2014||||xx |||||||||||||| ||spa||
041 _aESP
082 _a339.47
_bR95
100 _aRunciman Saettone, Guillermo
_eAUT
245 0 _aHacia una economía más humana:
_btecnología en bienes vitales para reducir el costo de vida
260 _c2014
300 _a120 páginas :
_c21 cm.
650 _aGEN
654 _aCAN
942 _cLIB
_dJUS
_fJUS
_2ddc
_n
999 _c7549
_d7549